Gaming Quiz

Random Gaming or Mario Quiz

Paper Mario Grab Bag Quiz Stats

Quiz not verified by Sporcle

Also try: Oregon Trail
Challenge
Share
Tweet
Embed
Score 0/66 Timer 05:00
0 Plays Today
Hint Answer % Correct
Party MembersGoombario
95.3%
Party MembersKooper
93%
Party MembersLady Bow
93%
Party MembersParakarry
90.7%
Chapter BossesBowser
90.7%
Party MembersWatt
88.4%
Party MembersBombette
86%
Chapter BossesKoopa Bros & Bowser?
86%
Party MembersSushie
83.7%
Party MembersLakilester
83.7%
Star SpiritsEldstar
79.1%
Chapter BossesTubba Blubba & Heart
79.1%
Chapter BossesGeneral Guy
76.7%
Star SpiritsSkolar
74.4%
Chapter BossesTutankoopa
67.4%
Chapter BossesHuff N. Puff
67.4%
Chapter BossesCrystal King
67.4%
Other Required BossesJr. Troopa
67.4%
Area DungeonsKoopa Bros Fortress
65.1%
Area DungeonsBowser's & Peach's Castle
65.1%
Chapter BossesLava Piranha
65.1%
Star SpiritsMamar
62.8%
Star SpiritsMuskular
62.8%
Star SpiritsMisstar
60.5%
Area DungeonsDry Dry Ruins
60.5%
Area DungeonsFlower Fields
60.5%
Area DungeonsCrystal Palace
60.5%
Star SpiritsKlevar
55.8%
Area DungeonsShy Guy's Toy Box
55.8%
Area DungeonsMt. Lavalava
55.8%
Optional BossesAnti/Anti Guy Unit
51.2%
Other Required BossesSpike?
48.8%
Other Required BossesKammy Koopa
48.8%
Hint Answer % Correct
Optional BossesMaster
48.8%
Area DungeonsTubba Blubba's Castle
44.2%
Upgradable StatsHealth Points
44.2%
Star SpiritsKalmar
41.9%
Other Required BossesFuzzipede
41.9%
Optional BossesBuzzar
41.9%
Optional BossesKent C. Koopa
41.9%
Chapter NamesA Plea From the Stars
39.5%
Chapter BossesGoomba King & Goomba Bros
39.5%
Optional BossesChan
39.5%
Upgradable StatsBadge Points
39.5%
Other Required BossesBlooper/Electro Blooper/Super Blooper
37.2%
Other Required BossesMonstar
37.2%
Optional BossesLee
37.2%
Upgradable StatsFlower Power
37.2%
Chapter NamesDark Days in Flower Fields
32.6%
Other Required BossesBig Lantern Ghost
30.2%
Star PowersRefresh
30.2%
Chapter NamesStorming Koopa Bros. Fortress
27.9%
Star PowersFocus
27.9%
Star PowersSmooch
27.9%
Star PowersStar Beam & Peach Beam
27.9%
Chapter NamesThe 'Invincible' Tubba Blubba
25.6%
Star PowersStar Storm
25.6%
Chapter NamesTrials in the Toy Box
23.3%
Chapter NamesA Star Spirit on Ice
23.3%
Chapter NamesA Star-Powered Showdown
23.3%
Chapter NamesThe Mystery of Dry, Dry Ruins
20.9%
Star PowersLullaby
20.9%
Star PowersChill Out
20.9%
Chapter NamesHot, Hot Times on Lavalava Island
18.6%
Star PowersTime Out
14%
Star PowersUp & Away
14%

You're not logged in!

Compare scores with friends on all Sporcle quizzes.
Join for Free
OR
Log In

You Might Also Like...

Show Comments

Extras

Top Quizzes Today


Score Distribution

Your Account Isn't Verified!

In order to create a playlist on Sporcle, you need to verify the email address you used during registration. Go to your Sporcle Settings to finish the process.

Report this User

Report this user for behavior that violates our Community Guidelines.

Details: